| 000 | 00919nam a2200265Ia 4500 | ||
|---|---|---|---|
| 003 | OSt | ||
| 005 | 20220926011413.0 | ||
| 006 | a|||||r|||| 00| 0 | ||
| 007 | ta | ||
| 008 | 220923b |||||||| |||| 00| 0 eng d | ||
| 020 |
_a9789812707406 _c3201.3200000000002 |
||
| 037 |
_bDL/INV-CONF/08-01965, 12/09/2008, Atlantic Publisher & Distributers _cGeneral Book |
||
| 040 |
_aRTL _cRTL _beng |
||
| 041 |
_2eng _aeng |
||
| 082 | _aX:891, P7 | ||
| 100 |
_aPflug Georg Ch _9314194 |
||
| 245 | 0 | _aModeling, measuring and managing risk | |
| 260 |
_aNew Jersey _bWorld Scientific _c2007 |
||
| 300 |
_axv, 286p _ccm. |
||
| 500 | _aBibliography P 277-84; Appendix P 265-275 | ||
| 650 | _aCommerce | ||
| 700 |
_a Romisch Werner _9314195 |
||
| 942 |
_hX:891, P7 _cGB _2CC |
||
| 999 |
_c620006 _d620006 |
||